00301nam a2200121Ia 4500008004100000041001200041082001600053100001700069245003900086260003800125300000900163650000700172221030s9999 xx 000 0 und d aEnglish a105.23bMit aG. K. Mithal 0aNetworks Analysiscby G. K. Mithal bKhanna book Pub.aNew Delhic2001 a1076 aEE